All Bones of the Human Body - Statistics

General Stats
  • This quiz has been taken 313 times
    248 since last reset
  • The average score is 26 of 63
Answer Stats
Cranial Bones % Correct
Ribs
77%
Femur
76%
Tibia
75%
Facial Bones
69%
Fibula
69%
Cranium
67%
Radius
67%
Ulna
67%
Clavicle
63%
Humerus
63%
Scapula
63%
Mandible
62%
Sternum
59%
Frontal Bone
57%
Coccyx
56%
Phalanges
55%
Occipital Bone
54%
Patella
54%
Carpals
53%
Maxilla Bones
53%
Zygomatic Bones
52%
Metacarpals
50%
Sacrum
50%
Tarsals
50%
Temporal Bones
50%
Vertebral Column
49%
Nasal Bones
46%
Metatarsals
44%
Sphenoid Bone
37%
Lumbar Vertebrae
35%
Calcaneus
34%
Cervical Vertebrae
34%
Ilium
32%
Lacrimal Bones
32%
Scaphoid Bones
32%
Thoracic Vertebrae
32%
Cuboid Bones
31%
Ethmoid Bone
30%
Hamate Bones
30%
Hyoid Bone
30%
Lunate Bones
30%
Talus Bones
30%
Trapezium Bones
30%
Pisiform Bones
29%
Trapezoid Bones
29%
Ischium
28%
Capitate Bones
27%
Distal Phalanges
26%
Proximal Phalanges
26%
Pubis
25%
Vomer Bone
25%
Atlas (C1)
23%
Lateral Cuneiform
23%
Medial Cuneiform
22%
Navicular Bones
22%
Palatine Bones
22%
Axis (C2)
21%
Middle Phalanges
21%
Intermediate Cuneiform
20%
Triquetrum Bones
18%
Inferior Nasal Concha
13%
Coxal Bones
3%
Pariental Bones
3%
No matching quizzes found
Score Distribution
Percent of People with Each Score
Percentile by Number Answered
Your Score History
You have not taken this quiz since the last reset